| 000 | 00851 a2200217 4500 | ||
|---|---|---|---|
| 005 | 20080905111326.0 | ||
| 008 | 080905t xxu||||| |||| 00| 0 eng d | ||
| 010 | _aENG-87548 | ||
| 020 |
_c175.00 _a81855502293 |
||
| 035 | _aEN-71081 | ||
| 037 | _bD.B.Act / Pub | ||
| 082 | _a612 | ||
| 100 | _aBharathi, P. | ||
| 245 |
_aViva in physiology _cby P. Bharathi _bwith M.C.Qs and discussion |
||
| 250 | _a2nd ed. | ||
| 260 |
_aChennai _bAll India Publishers & Distributors _c2003 |
||
| 270 |
_a113, Ouunamallee High Road, (Gee Gee Shroff Centre, Opp. H. J. Hospital) _bChennai _e600084 _k8233004 _maipdraj@vsnl.com _l8204911 |
||
| 300 |
_a386 p. _c22 cm. (Pbk) |
||
| 942 |
_adpl _cEN _k612 / BHA _2ddc _h612 _mBHA |
||
| 999 |
_c6705 _d6705 |
||